000
00298nam a22001217a 4500
008
171201b xxu||||| |||| 00| 0 eng d
041
_a
eng
080
_a
616.8
100
_a
26
101
_a
NEU
245
_a
THE STRUCTURE AND FUNCTIONS OF THE BRAIN AND SPINAL CORD
_c
HORSLEY,V
942
_2
udc
_c
BK
999
_c
38667
_d
38667